| 000 | 00529nam a22001577a 4500 | ||
|---|---|---|---|
| 020 | _a9780849314889 | ||
| 040 | _cNUST | ||
| 082 | _a581.35 DNA | ||
| 100 |
_aWeising, Kurt _9112019 |
||
| 110 |
_aNybom, Hilde Wolff, Kirsten Kahl, Gunter _9112020 |
||
| 245 |
_aDNA Fingerprinting in Plants: _bPrinciples, Methods, and Applications |
||
| 250 | _a2nd Edition | ||
| 260 |
_aBoca Raton: _bTaylor & Francis Group, _c2005. |
||
| 650 |
_aDNA Fingerprinting in Plants Principles, Methods, and Applications _9112021 |
||
| 942 |
_2ddc _cBK |
||
| 999 |
_c594600 _d594600 |
||